Equipe de France de rugby -20 ans - Coupe du monde 2015 - Statistiques

Statistiques générales
  • Ce quiz a été pris 10 fois
  • Le résultat moyen est 9 sur 32
Statistiques - réponses
Poste Club actuel Joueur % Correct
Demi de mêlée Stade toulousain Antoine Dupont
100%
Arrière Stade Toulousain Thomas Ramos
100%
3e-ligne Stade toulousain Anthony Jelonch
89%
Talonneur Stade Toulousain Julien Marchand
78%
Talonneur Lou rugby Camille Chat
67%
2e-ligne UBB Cyril Cazeaux
67%
Centre UBB Damian Penaud
67%
3e-ligne Stade Français Sekou Macalou
67%
Pilier Stade Toulousain Rodrigue Neti
56%
Pilier Stade rochelais Thierry Paiva
44%
3e-ligne Stade rochelais Judicaël Cancoriet
33%
Ailier Biarritz olympique Arthur Bonneval
22%
Demi de mêlée Castres olympique Gauthier Doubrère
22%
Pilier Aviron bayonnais Quentin Bethune
22%
Ailier US Dax Alexandre Pilati
11%
Demi de mêlée US Montauban Anthony Meric
11%
Centre Section Paloise Eliott Roudil
11%
3e-ligne Racing 92 Fabien Sanconnié
11%
2e-ligne CA Brive Julien Delannoy
11%
3e-ligne cap USAP Lucas Bachelier
11%
Ouvreur Valence Romans Lucas Méret
11%
Pilier Rugby Club du Bassin d'Arcachon Thibault Estorge
11%
2e-ligne USAP Tristan Labouteley
11%
Ailier Nuits-Saint-Georges Alexandre Gracbling
0%
Centre Soyaux Angoulême François Fontaine
0%
Centre SU Agen Léo Ghirard
0%
Ailier USON Nevers Rugby Lucas Blanc
0%
Ouvreur Servette Geneve Lucas Chouvet
0%
3e-ligne SU Agen Martin Devergie
0%
3e-ligne USAP Mathieu Tanguy
0%
Pilier US Colomiers Mickael Simutoga
0%
Ailier US Colomiers Valentin Saurs
0%
Aucun quiz correspondant
Distribution des résultats
% des personnes avec chaque résultat
Percentile par nombre de réponses
Votre historique - résultats
Vous n’avez pas pris ce quiz